Incorrect Flag Map Quiz #1 - Statistics

General Stats
  • This quiz has been taken 62 times
  • The average score is 27 of 40
Answer Stats
Country % Correct
Malta
91%
Czechia
85%
Democratic Republic of the Congo
83%
Sri Lanka
79%
Brunei
77%
Iran
77%
Russia
77%
Saudi Arabia
77%
Cyprus
75%
Guyana
75%
Japan
75%
Mexico
75%
Namibia
75%
Papua New Guinea
75%
Canada
74%
Eritrea
74%
Maldives
74%
Qatar
74%
Kazakhstan
72%
Luxembourg
72%
Armenia
70%
Micronesia
70%
Nicaragua
70%
Solomon Islands
70%
Comoros
68%
Mongolia
68%
Poland
68%
Bangladesh
64%
Tunisia
64%
Antigua and Barbuda
57%
El Salvador
57%
Moldova
57%
Liechtenstein
55%
Saint Vincent and the Grenadines
55%
Portugal
53%
Macedonia
51%
Singapore
51%
Saint Lucia
49%
Tonga
42%
Kiribati
30%
No matching quizzes found
Score Distribution
Percent of People with Each Score
Percentile by Number Answered
Your Score History
You have not taken this quiz